[Event "Kampala Kireka op 6th"]
[Site "Kampala"]
[Date "2022.12.28"]
[Round "1"]
[White "Hannah Zion, Mawejje"]
[Black "Nyola, Wasswa Mark"]
[Result "0-1"]
[WhiteElo "1294"]
[BlackElo "1831"]
[PlyCount "48"]
[EventDate "2022.12.28"]
[EventType "swiss"]
[EventRounds "8"]
[EventCountry "UGA"]
[SourceTitle "EXT 2024"]
[Source "ChessBase"]
[SourceDate "2023.10.10"]
[SourceVersion "1"]
[SourceVersionDate "2023.10.10"]
[SourceQuality "1"]

1. Nf3 Nf6 2. g3 e6 3. Bg2 d5 4. d4 Be7 5. 0-0 0-0 6. Bf4 c5 7. Nbd2 Qb6 8. dxc5 Qxb2 9. Nb3 Qa3 10. Be3 Ne4 11. Nfd4 Qa6 12. Bxe4 dxe4 13. Nd2 e5 14. N4b3 f5 15. f4 exf3 16. Nxf3 f4 17. Bf2 Rd8 18. Qe1 e4 19. Rd1 Nc6 20. Nfd4 e3 21. Bxe3 fxe3 22. Qc3 Bh3 23. Rf3 Nxd4 24. Nxd4 Qxe2 0-1

[Event "Antwerp World Uni blitz op"]
[Site "Antwerp"]
[Date "2022.09.14"]
[Round "6"]
[White "Nyola, Wasswa Mark"]
[Black "Gatineau, Yovann"]
[Result "0-1"]
[WhiteElo "1725"]
[BlackElo "2183"]
[PlyCount "52"]
[EventDate "2022.09.14"]
[EventType "swiss (blitz)"]
[EventRounds "9"]
[EventCountry "BEL"]
[SourceTitle "CBM 210 Extra"]
[Source "ChessBase"]
[SourceDate "2022.11.30"]
[SourceVersion "1"]
[SourceVersionDate "2022.11.30"]
[SourceQuality "1"]

1. d4 f5 2. c4 e6 3. g3 Nf6 4. Bg2 Be7 5. Nf3 0-0 6. 0-0 d6 7. Nc3 Ne4 8. Nd2 Nxc3 9. bxc3 e5 10. e3 Nc6 11. Ba3 f4 12. exf4 exf4 13. d5 Ne5 14. Re1 Bg4 15. f3 Bh5 16. g4 Bg6 17. Bf1 h5 18. h3 hxg4 19. hxg4 Bh4 20. Re2 Bg3 21. Bh3 Qh4 22. Kg2 Rae8 23. Nf1 Kf7 24. g5 Rh8 25. Be6+ Ke7 26. Nxg3 Qxg3+ 0-1

[Event "Antwerp World Uni blitz op"]
[Site "Antwerp"]
[Date "2022.09.14"]
[Round "8"]
[White "Nyola, Wasswa Mark"]
[Black "Karas, Marek"]
[Result "0-1"]
[WhiteElo "1725"]
[BlackElo "2272"]
[PlyCount "66"]
[EventDate "2022.09.14"]
[EventType "swiss (blitz)"]
[EventRounds "9"]
[EventCountry "BEL"]
[SourceTitle "CBM 210 Extra"]
[Source "ChessBase"]
[SourceDate "2022.11.30"]
[SourceVersion "1"]
[SourceVersionDate "2022.11.30"]
[SourceQuality "1"]

1. d4 Nf6 2. c4 g6 3. Nc3 Bg7 4. e4 d6 5. Be2 0-0 6. Be3 c5 7. e5 Ne8 8. exd6 Nxd6 9. dxc5 Nf5 10. Qxd8 Rxd8 11. Rd1 Rxd1+ 12. Nxd1 Nxe3 13. fxe3 Na6 14. c6 bxc6 15. Bf3 Bd7 16. Ne2 Nb4 17. a3 Nd3+ 18. Kd2 Nxb2 19. Nxb2 Bxb2 20. a4 Rb8 21. Rb1 c5 22. a5 Rb4 23. Kc2 Ba4+ 24. Kd3 Rb3+ 25. Kd2 Ba3 26. Rxb3 Bxb3 27. Kc3 Ba4 28. a6 Bb4+ 29. Kd3 Kf8 30. Nf4 e6 31. Ke4 Bc2+ 32. Ke5 Ke7 33. Ne2 g5 0-1

[Event "Online Olym Div4 B"]
[Site "Chess.com INT"]
[Date "2020.07.31"]
[Round "1.4"]
[White "Nyola, Wasswa Mark"]
[Black "Farisse, Joao"]
[Result "0-1"]
[WhiteElo "1680"]
[BlackElo "1574"]
[PlyCount "120"]
[EventDate "2020.07.31"]
[EventType "team-tourn (rapid)"]
[EventRounds "9"]
[EventCountry "USA"]
[SourceTitle "CBM 198"]
[Source "ChessBase"]
[SourceDate "2020.10.31"]
[SourceVersion "1"]
[SourceVersionDate "2020.10.31"]
[SourceQuality "1"]
[WhiteTeam "Uganda"]
[BlackTeam "Mozambique"]
[WhiteTeamCountry "UGA"]
[BlackTeamCountry "MOZ"]

1. Nf3 Nf6 2. d4 e6 3. e3 Be7 4. Bd3 0-0 5. 0-0 d5 6. Nbd2 c5 7. b3 cxd4 8. exd4 Nc6 9. a3 Bd7 10. Bb2 Rc8 11. Ne5 g6 12. f4 Ne8 13. Qe2 Bf6 14. g4 Bg7 15. Rae1 f6 16. Nxd7 Qxd7 17. Qxe6+ Qxe6 18. Rxe6 Nc7 19. Re2 Rce8 20. f5 Rxe2 21. Bxe2 Bh6 22. Nf3 Re8 23. Bd3 Be3+ 24. Kg2 gxf5 25. gxf5 Kf7 26. c4 Rg8+ 27. Kh3 Ne7 28. Re1 Bf4 29. Rg1 Re8 30. Kg4 Bd6 31. c5 Rg8+ 32. Kh5 Rxg1 33. cxd6 Rg8 34. Bc1 Ne8 35. dxe7 Kxe7 36. Bf4 Rg2 37. Nh4 Rf2 38. Bg3 Rd2 39. Bb5 Rxd4 40. Bxe8 Kxe8 41. Kh6 Rd3 42. Ng6 Rxb3 43. Kg7 Rb6 44. Nf4 d4 45. Nd5 d3 46. Bf4 Rb2 47. Nxf6+ Kd8 48. Ne4 Rg2+ 49. Kxh7 Rg4 50. Bg5+ Rxg5 51. f6 Rf5 52. Kg6 Rf4 53. Nd2 Rf2 54. Ne4 Rf4 55. Nd2 a5 56. h4 Rxh4 57. Kf7 Rh2 58. Nf3 d2 59. Nxh2 d1Q 60. Kg7 Qg1+ 0-1

[Event "Kampala Kireka op 4th"]
[Site "Kampala"]
[Date "2019.12.27"]
[Round "1"]
[White "Ssenkoole, Laurice"]
[Black "Nyola, Wasswa Mark"]
[Result "0-1"]
[WhiteElo "1349"]
[BlackElo "1673"]
[PlyCount "66"]
[EventDate "2019.12.27"]
[EventType "swiss"]
[EventRounds "8"]
[EventCountry "UGA"]
[SourceTitle "EXT 2021"]
[Source "ChessBase"]
[SourceDate "2020.10.23"]
[SourceVersion "1"]
[SourceVersionDate "2020.10.23"]
[SourceQuality "1"]

1. d4 Nf6 2. c4 e6 3. Nc3 Bb4 4. Bd2 d5 5. cxd5 exd5 6. a3 Be7 7. e3 0-0 8. Be2 c6 9. Nf3 a5 10. Qc2 g6 11. h3 Bf5 12. Bd3 Bxd3 13. Qxd3 Nbd7 14. 0-0 Nb6 15. Ne5 Ne8 16. b3 Kg7 17. e4 dxe4 18. Qxe4 f5 19. Qe3 f4 20. Qd3 Bd6 21. Nc4 Nxc4 22. bxc4 f3 23. Ne4 fxg2 24. Kxg2 Be7 25. Bc3 Kg8 26. Rab1 Rb8 27. c5 Qd5 28. f3 Nc7 29. Bxa5 Ne6 30. Qe3 Bg5 31. Nxg5 Nxg5 32. Qd3 Rf4 33. Rh1 Rxf3 0-1